Business information systems technology, development and management for the e-business

Guardado en:
Detalles Bibliográficos
Otros Autores: Chaffey, Dave
Formato: Libro
Lenguaje:inglés
Publicado: Harlow Financial Times Prentice Hall 2003
Edición:2. ed.
Colección:Pearson Education
Materias:
Etiquetas: Agregar Etiqueta
Sin Etiquetas, Sea el primero en etiquetar este registro!

MARC

LEADER 00000nam$a2200000$$$4500
001 0002621
005 20240312115449.0
020 |a 0-273-65540-X 
041 0 |a eng 
044 |a GB 
245 1 0 |a Business information systems  |b technology, development and management for the e-business  |c Edited by Dave Chaffey 
250 |a 2. ed. 
264 1 |a Harlow  |b Financial Times Prentice Hall  |c 2003 
300 |a 736 s. 
490 1 |a Pearson Education 
830 0 |a Pearson Education 
610 2 0 |a obchod 
610 2 0 |a systémy informačné 
610 2 0 |a obchod elektronický 
610 2 0 |a technológie informačné 
610 2 0 |a manažment 
610 2 0 |a siete počítačové 
610 2 0 |a internet 
700 1 |a Chaffey, Dave